[Event "Stay Safe Play From Home 264"]
[Site "Emanuel Lasker Arena"]
[Date "2020.06.29"]
[Round "2"]
[White "Timbre"]
[Black "Weltszmerc"]
[Result "0-1"]
[WhiteElo "1695"]
[BlackElo "2021"]
[Annotator "TA"]
[PlyCount "80"]
[EventDate "2020.06.29"]
[EventType "swiss (blitz)"]

{[%evp 17,80,4,9,-9,-11,-27,-22,-19,-30,-19,0,-138,-81,-76,-35,-37,-37,-31,-12,-279,-266,-566,-550,-566,-578,-567,-574,-585,-532,-508,-525,-572,-558,-565,-257,-212,-158,-499,-489,-454,-370,-539,-558,-666,-536,-588,-582,-583,-571,-637,-639,-606,-606,-602,-426,-593,-593,-560,-438,-424,-423,-6813,-3035,-5293,-4914]} 1. d4 Nf6 2. Nf3 b6 3. c3 Bb7 4. Bf4 d6 5. e3 Nbd7 6. Be2 g6 7. Nbd2 Bg7 8. O-O O-O 9. h3 Re8 10. Re1 {A48: 1 d4 Nf6 2 Nf3 g6: Torre, London and Colle Systems.} e5 11. dxe5 dxe5 12. Bg3 {[#] The position is equal.} e4 $146 ({Predecessor:} 12... Re7 13. Qc2 Qe8 14. Rad1 Rd8 15. Nc4 e4 16. Nd4 Nf8 17. Na3 a6 18. Rd2 Red7 {1-0 (57) Lopez Escribano,A (1490)-Tabuenca Mendataurigoitia,P (1408) Padron 2016}) 13. Nd4 a6 14. Bg4 (14. Qc2 $11 {keeps the balance.}) 14... c5 (14... Nxg4 $142 15. Qxg4 f5) 15. Bxd7 $17 Qxd7 16. Ne2 Rad8 17. Nc4 Qc6 18. Nd6 $2 {[%mdl 8192] [#]} (18. Qb3 $11) 18... Re6 $19 19. Nxb7 $2 (19. Qc2 Rdxd6 20. Bxd6 Rxd6 21. Rad1) 19... Rxd1 20. Raxd1 {White wants to play Nd8.} Qxb7 21. Nf4 Re8 22. Rd2 h6 23. Red1 g5 24. Nd5 Nxd5 25. Rxd5 Re6 (25... Qc6 $142 26. R1d2 Qa4) 26. Rd8+ Kh7 27. R8d7 $2 {Now White is beyond hope.} (27. R1d7 $17 {nothing else works.} Qc6 28. Rxf7) 27... Qc6 28. Rxf7 {Black should prevent Rdd7.} Kg8 29. Rdd7 (29. Rc7 {keeps fighting.} Qa8 30. Rcd7) 29... Bf8 {Black is clearly winning.} 30. Rh7 b5 31. a3 b4 32. axb4 cxb4 33. cxb4 Qc1+ 34. Kh2 Qxb2 35. Rb7 Bd6 36. Bxd6 Rxd6 37. Rhc7 {[#] Intending Rc8+ and mate.} Qe5+ 38. g3 {White threatens Rc8+ and mate.} Rd8 39. Re7 (39. Rc6 $142) 39... Qb2 40. Kg2 Rf8 {Accuracy: White = 37%, Black = 70%.} 0-1

[Event "Stay Safe Play From Home 264"]
[Site "Emanuel Lasker Arena"]
[Date "2020.06.29"]
[Round "2"]
[White "Edmatuag"]
[Black "Haris kollari 13"]
[Result "1-0"]
[WhiteElo "1649"]
[BlackElo "1890"]
[Annotator "NA"]
[PlyCount "75"]
[EventDate "2020.06.29"]
[EventType "swiss (blitz)"]

1. e3 {[%emt 0:00:03]} e6 {[%emt 0:00:01]} 2. Nf3 {[%emt 0:00:01]} d5 {[%emt 0:00:01]} 3. c4 {[%emt 0:00:02]} c6 {[%emt 0:00:01]} 4. Nc3 {[%emt 0:00:03]} Bd6 {[%emt 0:00:01]} 5. d4 {[%emt 0:00:01]} Bd7 {[%emt 0:00:01]} 6. Qc2 {[%emt 0:00:01]} Ne7 {[%emt 0:00:02]} 7. a3 {[%emt 0:00:01]} O-O {[%emt 0:00:02]} 8. b4 {[%emt 0:00:01]} a6 {[%emt 0:00:03]} 9. Bb2 {[%emt 0:00:01]} Ng6 {[%emt 0:00:02]} 10. Rc1 {[%emt 0:00:02]} Qe7 {[%emt 0:00:05]} 11. Ne2 {[%emt 0:00:10]} Be8 {[%emt 0:00:08]} 12. Ng3 {[%emt 0:00:07]} Nd7 {[%emt 0:00:02]} 13. c5 {[%emt 0:00:07]} Bc7 {[%emt 0:00:01]} 14. e4 {[%emt 0:00:02]} Bxg3 {[%emt 0:00:07]} 15. hxg3 {[%emt 0:00:02]} dxe4 {[%emt 0:00:02]} 16. Qxe4 {[%emt 0:00:06]} Nf6 {[%emt 0:00:01]} 17. Qe3 {[%emt 0:00:10]} Nd5 {[%emt 0:00:02]} 18. Qe4 {[%emt 0:00:06]} Bd7 {[%emt 0:00:02]} 19. Bd3 {[%emt 0:00:02]} f5 {[%emt 0:00:07]} 20. Qe2 {[%emt 0:00:06]} f4 {[%emt 0:00:10]} 21. g4 {[%emt 0:00:05]} Rae8 {[%emt 0:00:11]} 22. Bxg6 {[%emt 0:00:03]} hxg6 {[%emt 0:00:01]} 23. Ne5 {[%emt 0:00:01]} Qf6 {[%emt 0:00:05]} 24. Qd3 {[%emt 0:00:07]} Re7 {[%emt 0:00:04]} 25. Qh3 {[%emt 0:00:02]} Qxe5+ {[%emt 0:00:14]} 26. dxe5 {[%emt 0:00:03]} Kf7 {[%emt 0:00:03]} 27. f3 {[%emt 0:00:07]} Ree8 {[%emt 0:00:02]} 28. Bd4 {[%emt 0:00:02]} Rh8 {[%emt 0:00:01]} 29. Qxh8 {[%emt 0:00:03]} Rxh8 {[%emt 0:00:01]} 30. Rxh8 {[%emt 0:00:01]} Ke7 {[%emt 0:00:06]} 31. Rb8 {[%emt 0:00:03]} Nc7 {[%emt 0:00:01]} 32. Rxb7 {[%emt 0:00:02]} Nb5 {[%emt 0:00:01]} 33. Bb2 {[%emt 0:00:01]} Kd8 {[%emt 0:00:03]} 34. Rd1 {[%emt 0:00:01]} Kc8 {[%emt 0:00:01]} 35. Rdxd7 {[%emt 0:00:02]} a5 {[%emt 0:00:00]} 36. Rxg7 {[%emt 0:00:02]} g5 {[%emt 0:00:01]} 37. Rbf7 {[%emt 0:00:02]} axb4 {[%emt 0:00:02]} 38. Rg8# {[%emt 0:00:01] (Lag: Av=0.53s, max=1.2s)} 1-0

[Event "Stay Safe Play From Home 264"]
[Site "Emanuel Lasker Arena"]
[Date "2020.06.29"]
[Round "2"]
[White "Klasman"]
[Black "Mepe_Nika"]
[Result "0-1"]
[WhiteElo "1566"]
[BlackElo "2356"]
[Annotator "TA"]
[PlyCount "46"]
[EventDate "2020.06.29"]
[EventType "swiss (blitz)"]

{[%evp 9,45,-70,6,3,10,-9,-9,-23,-27,-51,-44,-38,-54,-58,-11,-91,-47,-38,-38,-198,-104,-228,-240,-1541,-754,-29992,-1539,-1305,-980,-983,-931,-1527,-1522,-29994,-29995,-29995,-5335,-29999]} 1. f4 d5 2. Nf3 Nf6 3. e3 Bf5 4. c4 e6 5. Qb3 Qc8 ({Black should try} 5... Na6 $15) 6. Nc3 $11 {[%cal Rc4d5] A03: Bird's Opening with 1...d5.} c6 7. d4 {[#]} Nbd7 $146 ({Predecessor:} 7... h6 8. Be2 Be7 9. Ne5 Nbd7 10. g4 Nxe5 11. gxf5 dxc4 12. Bxc4 Nxc4 13. Qxc4 exf5 {0-1 (39) Krewett,F (1927)-Litwak,A (2278) Unna 2008}) 8. cxd5 {The position is equal.} exd5 9. Ne5 Bd6 10. Be2 Ne4 $36 {[%mdl 2048] Black has some pressure.} 11. O-O O-O 12. g4 (12. Nxe4 $11 {keeps the balance.} Bxe4 13. Bg4) 12... Nxc3 13. bxc3 Be4 14. g5 $2 (14. Nd3 $15) 14... f6 ({Black should play} 14... Nxe5 $19 15. dxe5 Qh3) 15. Nxd7 (15. Nf3 $17) 15... Qxd7 $19 16. gxf6 $2 (16. g6) 16... Rxf6 (16... Qh3 $142 17. f7+ Rxf7) 17. Ba3 Rg6+ (17... Qh3 $142 18. Bf3 Rg6+ 19. Kf2 Qxf3+ 20. Ke1 Qxe3+ 21. Kd1 Rg2 22. Qxd5+ cxd5 23. Rf2 Rxf2 24. Bxd6 Bf3#) 18. Kf2 Rg2+ 19. Ke1 Bxa3 20. Qxa3 {[#]} Qh3 $1 {[%mdl 512]} 21. Rb1 Qxe3 {[%csl Gg2][%cal Re3e2]} 22. Qb2 {[#]} Bxb1 (22... Bd3 $142 $1 23. f5 Rxe2+ {[%mdl 64] Double Attack} 24. Kd1 Re8 25. h4 Re1+ {[%mdl 64] Back Rank} 26. Rxe1 Qxe1#) 23. Qxb7 Qxe2# {Accuracy: White = 37%, Black = 31%.} 0-1

[Event "Stay Safe Play From Home 264"]
[Site "Emanuel Lasker Arena"]
[Date "2020.06.29"]
[Round "3"]
[White "Mepe_Nika"]
[Black "NeatFox"]
[Result "1-0"]
[WhiteElo "2356"]
[BlackElo "1782"]
[Annotator "TA"]
[PlyCount "73"]
[EventDate "2020.06.29"]
[EventType "swiss (blitz)"]

{[%evp 20,73,28,18,28,22,22,26,31,12,0,-13,30,0,45,2,34,28,106,114,112,60,56,22,39,32,49,55,73,0,606,605,811,801,800,783,923,895,895,890,1348,1439,1416,1304,1350,1339,1296,1269,29988,29983,29982,29983,29980,29981,29990,29991]} 1. d4 d5 2. Bf4 e6 3. e3 c5 4. c3 cxd4 5. cxd4 Nc6 6. Nc3 Bd6 7. Bxd6 Qxd6 8. Nf3 Nf6 9. Bd3 O-O 10. Rc1 Bd7 11. O-O Qe7 {D13: Slav Defence: Exchange variation without ...Bf5.} 12. Bb1 Rac8 {[#]} 13. a3 $146 ({Predecessor:} 13. Qe2 a6 14. Ne1 e5 15. dxe5 Nxe5 16. Rd1 Bc6 17. Nd3 {1-0 (62) Taxis,H-Winkler,A Germany 1988}) 13... g6 {White has an edge.} 14. b4 a6 15. h3 b5 16. Qd3 Na7 17. Nd2 Rc7 18. Nb3 Rfc8 (18... Ra8 $11 {remains equal.}) 19. Nc5 $16 Nc6 20. Ne2 (20. Nxa6 $16 Ra7 21. Nc5 (21. Qxb5 Nxd4 22. Qd3 Nb3 $14)) 20... Nb8 21. Nf4 Ne4 22. Qe2 Nxc5 23. bxc5 Nc6 24. Qf3 (24. Qd2 $16) 24... e5 $2 {[%mdl 8192]} (24... Na5 $11) 25. Nxd5 $18 {[%mdl 64] [#] Double Attack} Qe6 26. Nxc7 Rxc7 27. d5 {[%mdl 64] Double Attack} e4 28. dxe6 exf3 29. exd7 fxg2 30. Rfd1 Nd8 31. c6 Kf8 32. Be4 Ke7 33. Bxg2 Nxc6 34. Rxc6 {[%cal Rd7d8] White mates.} Rxd7 35. Rxd7+ Kxd7 36. Rxa6 b4 37. axb4 {Accuracy: White = 62%, Black = 48%.} 1-0

[Event "Stay Safe Play From Home 264"]
[Site "Emanuel Lasker Arena"]
[Date "2020.06.29"]
[Round "3"]
[White "Weltszmerc"]
[Black "Klasman"]
[Result "1-0"]
[WhiteElo "2026"]
[BlackElo "1565"]
[Annotator "TA"]
[PlyCount "57"]
[EventDate "2020.06.29"]
[EventType "swiss (blitz)"]

{[%evp 9,57,53,157,43,60,1,12,-8,77,-35,78,93,117,60,49,54,1082,1072,1024,959,1141,1137,1535,1518,1627,1579,29984,29983,29994,1642,1747,1683,1722,1713,1744,1718,2450,1701,29990,29991,29991,29992,29992,29991,29991,29992,29994,29995,29996,29995]} 1. d4 f5 2. c4 Nf6 3. h3 e6 4. g4 fxg4 5. hxg4 Nxg4 {[#]} (5... d5 $14) 6. Qd3 $146 {A84: Dutch Defence: 2 c4 Miscellaneous.} ({White should play} 6. e4 $16) ({Predecessor:} 6. e4 Bb4+ 7. Bd2 Nxf2 8. Kxf2 Qf6+ 9. Nf3 Bxd2 10. Qxd2 Nc6 11. e5 Qf7 12. Nc3 {1-0 (40) Dannhaeuser,K (1728)-Liebert,F (1859) Vellmar 2012}) 6... Nf6 $14 7. Nh3 ({White should try} 7. Nf3 $14) 7... d5 $11 8. Nf4 {The position is equal.} c5 (8... Nc6 $11 {keeps the balance.}) 9. Bh3 (9. cxd5 $16 exd5 10. dxc5) 9... Qb6 {[#]} (9... Nc6 $15 {keeps the upper hand.} 10. cxd5 exd5) 10. cxd5 $1 $16 cxd4 11. Nxe6 (11. Na3 $16) 11... Bxe6 12. Bxe6 {Bg5 is the strong threat.} Qxe6 $2 {[%mdl 8192] Loses the game.} (12... Na6 $14) 13. dxe6 $18 Nc6 14. Bd2 O-O-O 15. Na3 Bc5 16. Rc1 Bb6 17. Nc4 Rhe8 18. Nxb6+ axb6 {[#]} 19. b4 (19. Rxc6+ $142 $1 bxc6 20. Qa6+ {[%mdl 64] Double Attack} Kc7 21. Bf4+ Rd6 22. Qa7+ Kd8 23. Qb8+ {[%mdl 64] Double Attack} Ke7 24. Qxd6#) 19... b5 20. Qxb5 {Threatening mate with Rxc6+.} Rxe6 21. Qf5 Rde8 22. b5 {[%mdl 64] Pin} Kd8 23. bxc6 Rxe2+ 24. Kd1 {White mates.} R8e5 25. c7+ Ke7 {[#]} 26. Qxe5+ $1 {[%mdl 64] Promotion} Rxe5 27. c8=Q Nd7 {[#]} 28. Rc7 $1 Rd5 29. Rxh7 {Accuracy: White = 35%, Black = 44%.} 1-0

[Event "Stay Safe Play From Home 264"]
[Site "Emanuel Lasker Arena"]
[Date "2020.06.29"]
[Round "3"]
[White "Matanant"]
[Black "Cirovicz"]
[Result "1/2-1/2"]
[WhiteElo "1917"]
[BlackElo "1751"]
[Annotator "TA"]
[PlyCount "124"]
[EventDate "2020.06.29"]
[EventType "swiss (blitz)"]

{[%evp 9,124,-32,9,17,22,0,6,0,16,7,9,8,41,25,54,0,0,-1,0,-5,21,6,6,0,11,6,18,0,0,0,0,-21,-12,-20,-2,-32,-23,-16,-5,-71,-4,-509,-77,-603,-602,-881,-863,-819,-773,-1030,-703,-895,-533,-654,-642,-687,-677,-650,-616,-643,-637,-811,-807,-764,0,-700,-697,-879,-870,-820,-681,-808,-592,-864,-828,-879,-865,-863,-820,-817,-800,-1066,-918,-1139,-981,-5714,-5627,-5006,-5239,-2147,-1952,-5359,-5339,-29992,-29993,-29998,-29987,-29987,-29988,-29988,-29989,-29990,-29991,-29991,-29992,-29992,-29984,-29983,0,0,0,0,0,0,0,0,0]} 1. e4 e5 2. f4 exf4 3. Nf3 d5 4. e5 Bg4 5. d4 Bxf3 6. Qxf3 {C36: King's Gambit Accepted: 3 Nf3 d5.} Qh4+ 7. Qf2 {[#]} Be7 $146 ({Predecessor:} 7... Qxf2+ 8. Kxf2 g5 9. c4 Nc6 10. g3 Nxd4 11. Nc3 Bc5 12. b4 Bxb4 13. Nxd5 Ba5 14. gxf4 {0-1 (21) Paz,A (1947)-Chagas,H (1830) Sao Paulo 2014}) 8. Bxf4 {Black should prevent g3.} Qxf2+ $1 9. Kxf2 Nc6 10. c3 O-O-O 11. Nd2 f6 12. Nf3 (12. exf6 $1 $14 Nxf6 13. g3) 12... fxe5 $11 13. Nxe5 Nxe5 14. Bxe5 Bf6 15. Bg3 Nh6 16. Be2 Rhf8 17. Bf3 c6 18. h3 g6 19. Rae1 Nf5 20. Bh2 Bh4+ 21. g3 Bg5 22. Re2 h5 23. Rhe1 Kd7 24. Kg2 {[#]} (24. Re6 $11 {remains equal.}) 24... Rde8 (24... Rf7 $1 $17) 25. g4 $2 {[%mdl 8192]} (25. Bg1 $11 {and White has nothing to worry.}) 25... Rxe2+ $2 (25... Nh4+ $19 {is more deadly.} 26. Kh1 Nxf3 27. Rxe8 Rxe8 28. Rxe8 Kxe8 29. gxh5 Nxh2 30. Kxh2 gxh5) 26. Rxe2 $4 {[%mdl 8192]} (26. Bxe2 $17 Ne3+ 27. Kh1) 26... Nh4+ $19 {[%mdl 64] Double Attack, Discovered Attack} 27. Kh1 {intending Bg2.} Rxf3 28. gxh5 gxh5 29. Re5 Rf5 30. Re2 Nf3 31. Bg3 h4 32. Bf2 b5 33. Kg2 Be7 34. b3 a5 35. Be3 Bg5 36. Bf2 Be7 37. Be3 $1 Ng5 38. Bf2 Ne4 39. Be1 Bg5 40. Kh1 Kd6 41. Kg1 Rf3 42. Kg2 Rd3 43. c4 bxc4 44. bxc4 Rxd4 45. Bxa5 Rxc4 46. a3 Ra4 47. Bb4+ c5 48. Be1 Rxa3 49. Rb2 Re3 50. Rb6+ Ke5 51. Ba5 Re2+ 52. Kf1 Rf2+ 53. Ke1 Bd2+ 54. Bxd2 Rxd2 {[%mdl 4096] Endgame KRN-KR} 55. Rh6 c4 56. Rxh4 c3 57. Rg4 c2 {[%cal Rc2c1]} 58. Rxe4+ Kxe4 $2 (58... dxe4 {mates} 59. Kxd2 Kf4 60. Kxc2 Kg3 61. Kc3 e3 62. Kd3 Kf3 63. h4 e2 64. Kd2 Kf2 65. Kd3 e1=Q 66. Kd4 Kf3 67. h5 Qa5 68. h6 Qd2+ 69. Kc4 Qxh6 70. Kd5 Qb6 71. Ke5 Qc6 72. Kd4 Qb5 73. Kc3 Ke3 74. Kc2 Qb4 75. Kc1 Kd3 76. Kd1 Qd2#) 59. Kxd2 $11 {The position is equal.} Kf3 60. Kxc2 d4 {[#] ( -> ...Ke2)} (60... Ke2 $5 61. Kc3 $8 Kf3 $11) 61. Kd3 Kg3 62. Kxd4 Kxh3 {Accuracy: White = 53%, Black = 66%.} 1/2-1/2

[Event "Stay Safe Play From Home 264"]
[Site "Emanuel Lasker Arena"]
[Date "2020.06.29"]
[Round "3"]
[White "Haris kollari 13"]
[Black "AChessPlayer"]
[Result "0-1"]
[WhiteElo "1863"]
[BlackElo "2222"]
[Annotator "NA"]
[PlyCount "116"]
[EventDate "2020.06.29"]
[EventType "swiss (blitz)"]

1. e4 {[%emt 0:00:02]} d6 {[%emt 0:00:02]} 2. f4 {[%emt 0:00:01]} c5 {[%emt 0:00:08]} 3. Nf3 {[%emt 0:00:01]} d5 {[%emt 0:00:01]} 4. e5 {[%emt 0:00:01]} Nc6 {[%emt 0:00:01]} 5. c3 {[%emt 0:00:01]} d4 {[%emt 0:00:03]} 6. c4 {[%emt 0:00:01]} Bg4 {[%emt 0:00:01]} 7. d3 {[%emt 0:00:01]} e6 {[%emt 0:00:01]} 8. Nbd2 {[%emt 0:00:01]} h5 {[%emt 0:00:05]} 9. h3 {[%emt 0:00:01]} Bf5 {[%emt 0:00:01]} 10. a3 {[%emt 0:00:07]} Nh6 {[%emt 0:00:04]} 11. Ne4 {[%emt 0:00:05]} Bg6 {[%emt 0:00:08]} 12. Bd2 {[%emt 0:00:04]} a5 {[%emt 0:00:03]} 13. Qe2 {[%emt 0:00:02]} Nf5 {[%emt 0:00:01]} 14. O-O-O {[%emt 0:00:02]} h4 {[%emt 0:00:01]} 15. Kb1 {[%emt 0:00:04]} Be7 {[%emt 0:00:03]} 16. Qf2 {[%emt 0:00:05]} a4 {[%emt 0:00:05]} 17. Be2 {[%emt 0:00:02]} Rb8 {[%emt 0:00:01]} 18. Rc1 {[%emt 0:00:01]} b5 {[%emt 0:00:14]} 19. cxb5 {[%emt 0:00:02]} Rxb5 {[%emt 0:00:00]} 20. Bd1 {[%emt 0:00:02]} Qa8 {[%emt 0:00:04]} 21. Be2 {[%emt 0:00:16]} O-O {[%emt 0:00:02]} 22. Rc2 {[%emt 0:00:15]} Rfb8 {[%emt 0:00:02]} 23. Rhc1 {[%emt 0:00:01]} Na5 {[%emt 0:00:20]} 24. Ka2 {[%emt 0:00:02]} Nb3 {[%emt 0:00:03]} 25. Rb1 {[%emt 0:00:03]} Qd5 {[%emt 0:00:03]} 26. Rc4 {[%emt 0:00:08]} Ne3 {[%emt 0:00:42]} 27. Bxe3 {[%emt 0:00:13]} dxe3 {[%emt 0:00:01]} 28. Qxe3 {[%emt 0:00:05]} Bf5 {[%emt 0:00:07]} 29. Nc3 {[%emt 0:00:01]} Qd7 {[%emt 0:00:05]} 30. Nxb5 {[%emt 0:00:13]} Qxb5 {[%emt 0:00:00]} 31. Nd2 {[%emt 0:00:12]} Nd4 {[%emt 0:00:01]} 32. Bd1 {[%emt 0:00:05]} Ra8 {[%emt 0:00:06]} 33. Ne4 {[%emt 0:00:04]} Ra7 {[%emt 0:00:05]} 34. Rbc1 {[%emt 0:00:01]} Nb3 {[%emt 0:00:01]} 35. Bxb3 {[%emt 0:00:05]} Qxb3+ {[%emt 0:00:01]} 36. Ka1 {[%emt 0:00:01]} Rd7 {[%emt 0:00:01]} 37. R4c3 {[%emt 0:00:05]} Qb5 {[%emt 0:00:02]} 38. Nf2 {[%emt 0:00:01]} Rc7 {[%emt 0:00:01]} 39. Rc4 {[%emt 0:00:03]} Rb7 {[%emt 0:00:00]} 40. R1c2 {[%emt 0:00:01]} g6 {[%emt 0:00:00]} 41. Qd2 {[%emt 0:00:01]} Kg7 {[%emt 0:00:00]} 42. Qc3 {[%emt 0:00:01]} Qd7 {[%emt 0:00:00]} 43. Ne4 {[%emt 0:00:01]} Qd5 {[%emt 0:00:01]} 44. Nxc5 {[%emt 0:00:01]} Bxc5 {[%emt 0:00:01]} 45. Rxc5 {[%emt 0:00:01]} Qxd3 {[%emt 0:00:00]} 46. Qxd3 {[%emt 0:00:01]} Bxd3 {[%emt 0:00:00]} 47. R2c3 {[%emt 0:00:01]} Be4 {[%emt 0:00:00]} 48. Rc7 {[%emt 0:00:01]} Rb5 {[%emt 0:00:00]} 49. R3c5 {[%emt 0:00:02]} Rb6 {[%emt 0:00:01]} 50. Rc4 {[%emt 0:00:02]} Bd5 {[%emt 0:00:00]} 51. Rxa4 {[%emt 0:00:01]} Rb3 {[%emt 0:00:00]} 52. Rd4 {[%emt 0:00:02]} Rd3 {[%emt 0:00:00]} 53. Rxd3 {[%emt 0:00:01]} Bxg2 {[%emt 0:00:00]} 54. Rdd7 {[%emt 0:00:01]} g5 {[%emt 0:00:02]} 55. Rxf7+ {[%emt 0:00:00]} Kg6 {[%emt 0:00:00]} 56. Rg7+ {[%emt 0:00:00]} Kf5 {[%emt 0:00:00]} 57. Rcf7+ {[%emt 0:00:01]} Ke4 {[%emt 0:00:01]} 58. Rxg5 {[%emt 0:00:00]} Bxh3 {[%emt 0:00:00] Time (Lag: Av=0.90s, max=1.6s)} 0-1

[Event "Stay Safe Play From Home 264"]
[Site "Emanuel Lasker Arena"]
[Date "2020.06.29"]
[Round "3"]
[White "Edmatuag"]
[Black "Dukic"]
[Result "0-1"]
[WhiteElo "1676"]
[BlackElo "1901"]
[Annotator "TA"]
[PlyCount "66"]
[EventDate "2020.06.29"]
[EventType "swiss (blitz)"]

{[%evp 9,66,27,32,19,41,-6,10,-34,-14,-7,11,-16,0,0,0,-5,16,-31,-29,-129,-39,-189,-189,-238,-66,-142,-152,-238,-44,-166,-149,-295,-229,-247,-136,-254,-125,-370,-345,-368,-335,-464,-460,-1312,-1307,-1307,-1286,-1476,-1467,-2010,-2038,-29991,-29992,-29992,-29993,-29997,-29998,-29998,-29999]} 1. e3 c6 2. Nf3 d6 3. c4 Bg4 4. Nc3 Nd7 {[#]} 5. Qb3 $146 ({Predecessor:} 5. h3 Bh5 6. d4 Ngf6 7. g4 Bg6 8. Nh4 Ne4 9. Nxg6 Nxc3 10. Qc2 hxg6 11. Qxc3 {1-0 (53) Potkin,V (2574)-Pridorozhni,A (2565) Sochi 2017}) 5... Qc7 6. d4 {A00: Irregular Openings.} e5 7. d5 Ngf6 8. Be2 {The position is equal.} Be7 9. e4 Bh5 10. Nd2 Bg6 11. h4 {aiming for h5.} h6 12. h5 Bh7 13. Bf3 O-O 14. Nf1 (14. Qd1 $11) 14... Rfc8 (14... Nc5 $17 15. Qc2 cxd5 16. Nxd5 Nxd5 17. cxd5 Rac8) 15. g4 (15. Be3 $15) 15... cxd5 $19 16. cxd5 a6 $2 (16... Nc5 $19 17. Qc4 Ncxe4 18. Qxc7 Rxc7 19. Nxe4 Bxe4 20. Bxe4 Nxe4) 17. g5 ({White should play} 17. Ng3 $15) 17... hxg5 $17 {Threatens to win with ...g4.} 18. Bxg5 (18. Ng3 $17) 18... b5 $2 (18... Nc5 $19 19. Qd1 Nfxe4 20. Bxe4 Nxe4 21. Bxe7 Qxe7) 19. h6 (19. Be3 $15) 19... Nc5 $36 {[%mdl 2112] Double Attack. Black is on the roll.} 20. Qc2 (20. Qd1 $17 {was the only chance.} b4 21. Na4 Nxa4 22. Qxa4) 20... b4 21. Bxf6 Bxf6 ({Better is} 21... bxc3 $19 22. Bxe7 cxb2) 22. Ne2 {[#]} (22. Na4 $17 {was necessary.}) 22... Nxe4 (22... Qa5 $1 $19 {And now ...Nxe4 would win.} 23. Qb1 b3+ 24. Nc3 Na4 25. axb3 Nxc3 26. bxc3 Qxc3+ {[%mdl 64] Double Attack} 27. Ke2 Rab8) 23. Bxe4 $2 (23. Qxc7 $17 Rxc7 24. hxg7) 23... Qxc2 24. Bxc2 Rxc2 25. b3 Bd3 26. Rc1 (26. Nfg3 $142 g6 27. h7+ Kh8 28. Rd1) 26... Rxe2+ 27. Kd1 Rxf2 28. h7+ Kh8 29. Nd2 {[#]} Bg5 $1 30. Rc7 Rxd2+ {[%mdl 64] Double Attack. Black mates.} 31. Ke1 Rxa2 32. Rg1 Be3 33. Rg3 Ra1+ {Accuracy: White = 14%, Black = 55%.} 0-1

[Event "Stay Safe Play From Home 264"]
[Site "Emanuel Lasker Arena"]
[Date "2020.06.29"]
[Round "3"]
[White "Tunca"]
[Black "Lazieri3"]
[Result "0-1"]
[WhiteElo "1676"]
[BlackElo "1985"]
[Annotator "TA"]
[PlyCount "24"]
[EventDate "2020.06.29"]
[EventType "swiss (blitz)"]

{[%evp 9,10,-306,-304]} 1. e4 c6 2. d4 d5 3. Nc3 dxe4 4. Nxe4 Nf6 5. Nf3 Nxe4 {[#]} {Predecessor:} 6. Bd3 $146 {B15: Caro-Kann: 3 Nc3: 3...g6 and 3...dxe4 4 Nxe4 Nf6 5 Nxf6+ exf6.} Nd6 7. O-O g6 8. c3 Bg7 9. Re1 O-O 10. Bg5 Re8 11. Qd2 Nd7 12. Re2 Nf6 {0-1 (23) Kurzok,Z (1728)-Berchtenbreiter,M (2387) Katowice 2017} 0-1

[Event "Stay Safe Play From Home 264"]
[Site "Emanuel Lasker Arena"]
[Date "2020.06.29"]
[Round "4"]
[White "Mepe_Nika"]
[Black "Dukic"]
[Result "1-0"]
[WhiteElo "2357"]
[BlackElo "1908"]
[Annotator "TA"]
[PlyCount "77"]
[EventDate "2020.06.29"]
[EventType "swiss (blitz)"]

{[%evp 16,77,50,39,44,39,39,26,59,5,44,27,42,19,30,0,27,21,21,18,20,26,22,22,14,10,35,29,22,-43,0,0,0,2,0,-126,-114,-140,-133,-138,-132,-133,-146,-124,-22,-21,-25,-25,-29,-36,0,-33,0,0,0,-156,-164,-393,-219,-414,-233,-233,-31,-55]} 1. d4 c6 2. e4 d6 3. c4 Nd7 4. Nc3 e5 5. Nf3 Be7 6. g3 Ngf6 7. Bg2 O-O 8. O-O Re8 9. Re1 Qc7 {A55: Old Indian Defence with Nf3 and e4.} 10. Qc2 Bf8 11. h3 h6 {White has an edge.} 12. b3 (12. Be3 $14) 12... a6 (12... b5 $5) 13. Bb2 {[#]} b6 $146 ({Predecessor:} 13... Nh7 14. Rad1 Ndf6 {½-½ (14) Tomic,B (2418)-Stojanovic,D (2485) Sarajevo 2012}) 14. Rad1 Bb7 15. Nh4 Rac8 16. Qd2 b5 17. Nf5 bxc4 18. bxc4 exd4 19. Qxd4 {[%cal Rf5d6]} Ne5 $1 20. Ne3 Rb8 21. f4 Ned7 22. Rd2 (22. Ba3 $11) 22... Nc5 (22... d5 $5 23. exd5 (23. cxd5 cxd5 24. exd5 Bc5 $15) 23... Bc5 $15) 23. Kh2 Ncxe4 24. Nxe4 Nxe4 25. Bxe4 (25. Rde2 $11) 25... c5 $17 26. Nd5 cxd4 {[%mdl 64] [#] Discovered Attack} 27. Nxc7 Rxe4 28. Rxe4 Bxe4 29. Bxd4 a5 ({Better is} 29... Rb4 $17 30. Nd5 Rxc4) 30. Nd5 $11 Rb1 {[%csl Ge4][%cal Rb1h1] [#]} 31. g4 Rc1 32. Nc3 Bc6 33. Kg3 Be7 34. Nd5 Bd8 35. Kf3 $2 (35. Ne3 $11) 35... Rxc4 $17 36. Ke4 $2 (36. Be3 {was called for.}) 36... Bb6 (36... g6 $142 37. f5 gxf5+ 38. gxf5 Kf8) 37. Rd3 $2 (37. Ke3 Rxd4 38. Nxb6 Re4+ 39. Kf3) 37... Bxd4 (37... Bc5 $142 38. f5 f6) 38. Rxd4 $19 Rxd4+ $2 ({Black should try} 38... Rc5 $19 {Hoping for ...f5+!} 39. Rd1 g6) 39. Kxd4 {[%mdl 32768] Accuracy: White = 46%, Black = 48%. . Sensor Board Error (Ke4/e5)?} 1-0